Central Library OPAC University of Rajshahi

Corporate profits as shown by audit reports / (Record no. 73394)

MARC details
000 -LEADER
fixed length control field 00924nam a2200253 4500
001 - CONTROL NUMBER
control field 73394
003 - CONTROL NUMBER IDENTIFIER
rucl marc code BD-RjUL
005 - DATE AND TIME OF LATEST TRANSACTION
control field 20211209082405.0
008 - FIXED-LENGTH DATA ELEMENTS--GENERAL INFORMATION
fixed length control field 170530s1935 nyua 000 0 eng d
035 ## - SYSTEM CONTROL NUMBER
System control number (BD-RjUL)73612
040 ## - CATALOGING SOURCE
Original cataloging agency DLC
Transcribing agency MWC
Modifying agency DLC
-- BD-RjUL
Language of cataloging eng
041 ## - LANGUAGE CODE
Language code of text/sound track or separate title eng
082 ## - DEWEY DECIMAL CLASSIFICATION NUMBER
Classification number 657.3
Edition number 23
Author mark and year PAC 1935
100 1# - MAIN ENTRY--PERSONAL NAME
Personal name Paton, William A.
Fuller form of name (William Andrew),
Dates associated with a name 1889-1991.
9 (RLIN) 217100
245 10 - TITLE STATEMENT
Title Corporate profits as shown by audit reports /
Statement of responsibility, etc. W. A. Paton.
260 ## - PUBLICATION, DISTRIBUTION, ETC. (IMPRINT)
Place of publication, distribution, etc. New York :
Name of publisher, distributor, etc. National Bureau of Economic Research,
Date of publication, distribution, etc. 1935.
300 ## - PHYSICAL DESCRIPTION
Pagination viii, 151 p. :
Illustrations ill. ;
Size 24 cm.
504 ## - BIBLIOGRAPHY, ETC. NOTE
Bibliography, etc Includes Bibliography
650 #0 - SUBJECT ADDED ENTRY--TOPICAL TERM
Topical term or geographic name as entry element Corporations
General subdivision Finance.
9 (RLIN) 217102
Topical term or geographic name as entry element Corporations
General subdivision Accounting.
9 (RLIN) 136037
830 ## - SERIES ADDED ENTRY--UNIFORM TITLE
Uniform title Publications of the National Bureau of Economic Research, inc.
Volume number/sequential designation No. 28
942 ## - ADDED ENTRY ELEMENTS (KOHA)
Source of classification or shelving scheme Dewey Decimal Classification
Koha item type Books
Holdings
Lost status Source of classification or shelving scheme Damaged status Not for loan Collection code Permanent Location Current Location Shelving location Date acquired Source of acquisition Cost, normal purchase price Total Checkouts Full call number Date last seen Copy number Koha item type
  Dewey Decimal Classification   Not For Loan Non-fiction Central Library, University of Rajshahi Central Library, University of Rajshahi Reading Room 05/01/1965 Zeit 10.00   657.3 PAC 1935 30/05/2017 C-1 Books
  Dewey Decimal Classification     Non-fiction Central Library, University of Rajshahi Central Library, University of Rajshahi   05/01/1965 Zetlinger 10.00   657.3 PAC 1935 30/05/2017 C-2 Books
  Dewey Decimal Classification     Non-fiction Central Library, University of Rajshahi Central Library, University of Rajshahi   05/01/1965 zeitlinger 10.00   657.3 PAC 1935 03/04/2019 C-3 Books
  Dewey Decimal Classification     Non-fiction Central Library, University of Rajshahi Central Library, University of Rajshahi   05/01/1965 zeitlinger 10.00   657.3 PAC 1935 03/04/2019 C-4 Books
  Dewey Decimal Classification     Non-fiction Central Library, University of Rajshahi Central Library, University of Rajshahi   05/01/1965 zeitlinger 10.00   657.3 PAC 1935 03/04/2019 C-5 Books
  Dewey Decimal Classification     Non-fiction Central Library, University of Rajshahi Central Library, University of Rajshahi   05/01/1965 zeitlinger 10.00   657.3 PAC 1935 03/04/2019 C-6 Books
  Dewey Decimal Classification     Non-fiction Central Library, University of Rajshahi Central Library, University of Rajshahi   05/01/1965 zeitlinger 10.00   657.3 PAC 1935 03/04/2019 C-7 Books
  Dewey Decimal Classification     Non-fiction Central Library, University of Rajshahi Central Library, University of Rajshahi   05/01/1965 zeitlinger 10.00   657.3 PAC 1935 03/04/2019 C-8 Books
  Dewey Decimal Classification     Non-fiction Central Library, University of Rajshahi Central Library, University of Rajshahi   05/01/1965 zeitlinger 10.00   657.3 PAC 1935 03/04/2019 C-9 Books
  Dewey Decimal Classification     Non-fiction Central Library, University of Rajshahi Central Library, University of Rajshahi   05/01/1965 zeitlinger 10.00   657.3 PAC 1935 03/04/2019 C-10 Books